000 00822cab a2200217 4500
001 WB2848-53
008 090401t1992 xxu||||| |||| 00| 0 eng d
035 _a(Sirsi) u72754
041 _aeng
245 _aIs the price really right?
260 _c1992
350 _a0
490 _aCSW - The Property Week
_v41(11) 10 December 1992, 54(1)
520 _aValuation is subject to scrutiny at present, as declining values during the recession are widing the gap between assessed price and perceived worth, a confusion, it is claimed, stemming from the RICS`s adaption of a standard definition of open market value.
650 _aOMV
650 _aRICS APPRAISAL AND VALUATION MANUAL
650 _aWHITE BOOK
690 _aMANAGEMENT-BUSINESS MANAGEMENT-PROFESSIONAL PRACTICE
942 _n0
948 _c04/03/1997
999 _c45978
_d45978